[Event "Olympiad-43"]
[Site "Batumi"]
[Date "2018.10.03"]
[Round "9.1"]
[White "Duda, Jan Krzysztof"]
[Black "Caruana, Fabiano"]
[Result "1/2-1/2"]
[WhiteElo "2739"]
[BlackElo "2827"]
[Annotator "Ganguly, Surya Sekhar "]
[PlyCount "236"]
[EventDate "2018.09.24"]
[EventType "team-swiss"]
[EventRounds "11"]
[EventCountry "GEO"]
[SourceTitle "CBM 187"]
[Source "ChessBase"]
[SourceDate "2018.12.11"]
[SourceVersion "1"]
[SourceVersionDate "2018.12.11"]
[SourceQuality "1"]
[WhiteTeam "Poland"]
[BlackTeam "US of America"]
[WhiteTeamCountry "POL"]
[BlackTeamCountry "USA"]

{Finally, we could see the much-awaited match when Poland with its young team
faced the top seed US. Naturally the top board clash between Duda and Fabiano
was a very important one.} 1. c4 e5 2. Nc3 Nf6 3. Nf3 Nc6 4. e3 Bb4 5. Qc2 Bxc3
6. Qxc3 Qe7 7. d4 {A move that started gaining popularity recently once again}
Ne4 8. Qd3 exd4 9. Nxd4 O-O 10. Be2 Qb4+ 11. Kf1 Qe7 {Nothing new so far. Many
games have been played and among them a recent example is So - Karjakin} 12. f3
Nc5 13. Qc3 (13. Qd2 {Was seen in So - Karjakin} a5 14. b3 d6 15. Nxc6 bxc6 16.
Bb2 Re8 {1/2 (48)-1/2 (48) So,W (2780)-Karjakin,S (2773) Saint Louis 2018})
13... d6 (13... Nxd4 $142 {with the queen on c3 this was a nice additional
option} 14. exd4 (14. Qxd4 b6) 14... Re8 $1 {[%csl Re2]} 15. Qc2 d5 $1 16. dxc5
Bf5 17. Qd2 Rad8 {gives Black enough compensation}) 14. Nxc6 bxc6 15. b3 (15.
b4 $5) 15... a5 16. Bb2 f5 17. Rd1 (17. Kf2 {It was possible to keep both
rooks flexible for a while}) 17... Be6 (17... a4 {The computer insists on this
following pawn sac idea} 18. b4 a3 19. Bxa3 Na4 20. Qc1 c5 $44) 18. Kf2 a4 19.
b4 Nd7 (19... a3 {Once again this was an interesting option} 20. Bxa3 Na4) 20.
Rd2 {I didn't like the rook to be placed here so quickly. I would rather
prefer a3 or Rhe1 here.} (20. Rhe1) (20. a3) 20... f4 (20... c5 $5) 21. Rc1 (
21. exf4 Rxf4 22. Rhd1 Ne5) 21... Rae8 22. Rd4 fxe3+ 23. Qxe3 c5 24. bxc5 Nxc5
25. Kg1 Qf7 26. Qf2 Bf5 {Black has no issues here. White now starts playing
more cautiously avoiding any direct tactics} 27. Bf1 Re7 (27... Qg6 $5) 28. Ba3
(28. Rd2 {[%cal Gb2d4] would have been more solid approach}) 28... Re5 29. Qd2
{[%cal Gd4d5]} Rfe8 (29... Be6 $5) 30. Rd5 h6 31. Bxc5 dxc5 32. Qa5 Qe7 $1 33.
Rdd1 (33. Qxa4 Rxd5 34. cxd5 Qe3+ 35. Kh1 Bd3 $1 $44) 33... Qg5 34. Kh1 Qe3 35.
Qxc7 Qf2 36. Qa5 {Optically it looks scary for White but nothing really
happens and the position remains equal.} Qxa2 (36... Re2 $2 37. Bxe2 Rxe2 38.
Rg1 Bh3 $1 39. Qa8+ Kh7 40. f4 $18) (36... Bh3 {very tempting and at first
glance looks like winning but White has a nice resource} 37. Rd8 $1 {The only
way but good enough}) (36... Kh7 37. Rd2) 37. Ra1 Qb3 38. h3 (38. Rdc1 $11)
38... Kh7 39. Rd5 $2 (39. Qxa4 {was a good time to bail out} Qxa4 40. Rxa4 Bc2
41. Bd3+ Bxd3 42. Rxd3 Re2 {would end in a draw}) 39... Bc2 (39... Qb4 $1 {
Something that Fabi will spot after the first time control is over} 40. Rxa4
Qxa5 41. Rxa5 Rxd5 42. cxd5 Re1 43. Kg1 Bd3 {would transpose to the game but
without giving White the additional option which he had in the game
continuation.}) 40. Qd2 Bg6 41. Qa5 $2 {A typical 41st move error.} (41. Kh2 {
still worse but better than losing a piece directly.}) 41... Qb4 $1 {Finally!}
42. Rxa4 Qxa5 43. Rxa5 Rxd5 44. cxd5 Re1 45. Kg1 Bd3 46. Rxc5 Rxf1+ 47. Kh2 Rd1
48. Kg3 Bf1 $2 (48... Ba6 $1 {[%cal Ga6b7] Black could have immediately won a
pawn in this way. Right now Black threatens Bb7 and also keeps the option open
for playing Bf1 if White plays Kf4.} 49. Kf4 (49. Kf2 Bb7) 49... Bf1 $1 50. g4
Bxh3 51. Ke5 Bg2 $19) 49. Kf2 Kg6 (49... Rb1 {[%cal Gf1b5]}) 50. h4 {Now it is
a draw again} Bd3 51. h5+ (51. g4 $5) 51... Kf5 52. Rc7 Kf6 53. Rc6+ Kg5 54.
Rc7 g6 55. hxg6 Bxg6 56. Rd7 (56. g4 Rxd5 57. Rc6 {would also suffice to make
a draw.}) 56... Rd2+ 57. Kg3 Bd3 58. Re7 Bf5 59. Kh2 h5 (59... Rxd5 60. g4) 60.
d6 h4 61. Rg7+ Kf4 62. Rg8 Rxd6 63. g3+ $4 (63. Rh8 $1 Kg5 (63... h3 64. g4 $11
) (63... Ke3 64. Rxh4 Kf2 65. Rh5 $11) 64. Rg8+ Bg6 65. g3 $11) (63. Ra8 $5 $11
) 63... Kxf3 64. gxh4 Rd2+ 65. Kg1 Bg4 $4 {It is unfortunately the second time
Fabiano has missed winning a rook bishop vs rook ending in a crucial game. The
first time it was against Svidler in the 2016 Candidates penultimate round.} (
65... Be4 $1 {The right way to get the Philidor position} 66. Rb8 (66. Rf8+ Ke3
) (66. h5 Rd1+ 67. Kh2 Kf2) 66... Rg2+ 67. Kf1 Bd3+ 68. Ke1 Ke3 69. Re8+ Be4 {
The winning Philidor position. The extra pawn on h4 doesn't make any
difference here.}) 66. Rf8+ Kg3 67. h5 Bxh5 68. Rg8+ Bg4 69. Rf8 {The Philidor
position doesn't work 'only' on the knight file. Switch all the pieces one
file to the left or right and it will be winning for Black. It works on every
other file except on knight file.} Rd6 70. Rf2 Rd1+ 71. Rf1 Rd2 72. Rf8 Re2 73.
Rf7 Re1+ 74. Rf1 Re2 75. Rf8 Be6 76. Rf6 Bh3 77. Rg6+ Bg4 78. Rf6 Rg2+ 79. Kf1
{Now compared to the normal Philidor position we see the difference. The move
Ri2 is missing :P} Rh2 80. Kg1 $1 {That is the point! Now White has the Kg1
defence which would not have been possible if the rook had one more square to
the left on the kingside. A minute detail saved Duda from losing the game and
thus Poland won against such a strong team as the US.} (80. Ke1 $4 {will lead
back to Philidor's winning position again.} Re2+ 81. Kf1 Re5 82. Kg1 Bf5 $19)
80... Re2 81. Rf8 Re5 82. Rf2 Bf3 83. Rg2+ Kf4 84. Ra2 Re1+ 85. Kf2 Rh1 86. Ra7
Rh2+ 87. Kg1 Rg2+ 88. Kf1 Be4 89. Ra3 Rb2 90. Kg1 Bf3 91. Ra7 Kg3 92. Rg7+ Bg4
93. Rf7 Rb8 94. Rf2 Bf3 95. Rg2+ Kf4 96. Ra2 Be4 97. Ra3 Rb2 98. Rh3 Rg2+ 99.
Kf1 Bf3 100. Rh8 Ra2 101. Rb8 Kg3 102. Rg8+ Bg4 103. Re8 Ra1+ 104. Re1 Ra5 105.
Re8 Rd5 106. Re7 Rd8 107. Re3+ Bf3 108. Re7 Kf4 109. Kf2 Rd2+ 110. Ke1 Rh2 111.
Ra7 Re2+ 112. Kf1 Rd2 113. Rc7 Kg3 114. Rg7+ Bg4 115. Re7 Rf2+ 116. Kg1 Rd2
117. Kf1 Re2 118. Rxe2 Bxe2+ 1/2-1/2

[Event "Koop Tjuchem"]
[Site "Groningen"]
[Date "1996.??.??"]
[Round "1"]
[White "Gelfand, Boris"]
[Black "Kortschnoj, Viktor Lvovich"]
[Result "1/2-1/2"]
[WhiteElo "2665"]
[BlackElo "2635"]
[Annotator "Gelfand,B"]
[PlyCount "61"]
[EventDate "1996.12.20"]
[EventType "tourn"]
[EventRounds "11"]
[EventCountry "NED"]
[EventCategory "16"]
[SourceTitle "CBM 057"]
[Source "ChessBase"]
[SourceDate "1997.04.01"]
[SourceVersion "1"]
[SourceVersionDate "1997.04.01"]
[SourceQuality "1"]

1. c4 {Alterman,B} Nf6 2. Nc3 e5 3. Nf3 Nc6 4. d4 exd4 5. Nxd4 Bb4 6. Bg5 h6 7.
Bh4 O-O 8. Rc1 (8. e3 {Alterman,B} Re8 9. Be2 Ne5 10. Qb3 Ba5 11. O-O Ng6 12.
Bxf6 Qxf6 13. Nd5 Qd8 14. Qa3 c6 15. b4 Bc7 16. Nxc7 Qxc7 17. b5 c5 18. b6 Qxb6
19. Rab1 Qd8 20. Qxc5 b6 21. Qd6 {Szabo,L-Smyslov,V/Budapest ct 1950/1/2-1/2 
(72)}) 8... Re8 (8... Ne5 {Alterman,B} 9. e3 Ng6 10. Bxf6 Qxf6 11. Be2 Re8 (
11... b6 12. Bf3 Rb8 13. O-O Bxc3 14. Rxc3 Ne5 15. Be2 a6 16. e4 Nc6 17. Nf5 d6
18. Ne3 Nd4 19. Nd5 Qe5 20. Nxc7 Qxe4 21. Bd3 Qh4 22. Re1 {1-0 Oll,L-Nilsson,N/
Copenhagen op (01) ,EXT 93op 1993 (39)}) 12. O-O c6 13. Qc2 Ba5 14. Rfd1 Bc7
15. g3 d6 16. b4 Bh3 17. Bf1 Bxf1 18. Rxf1 Ne5 19. Rfd1 Nxc4 20. b5 d5 21. bxc6
bxc6 22. Nxc6 Nxe3 23. fxe3 Qxc6 24. Nxd5 Qxc2 25. Rxc2 Be5 {1/2-1/2 Hausner
Ivan-Voloshin Leonid/Extra League 1995/96 (03) 1995 (34)}) 9. e3 Nxd4 $1 $146 {
White is late in development, so Black uses this.} (9... d6 {Alterman,B} 10.
Be2 Re4 11. Bxf6 Qxf6 12. Bf3 Re7 13. Bxc6 bxc6 14. Nxc6 Bxc3+ 15. Rxc3 Re8 16.
Nd4 Bb7 17. Nf3 Rab8 18. Rb3 Bxf3 {Antoniewski,R-Dervishi,E/EU-chJM U14
Szombathely (05) 1993/0-1 (45)}) (9... Bxc3+ {Alterman,B} 10. Rxc3 g5 11. Nxc6
bxc6 12. Bg3 Ne4 13. Rc2 Qe7 14. Bd3 d6 15. O-O c5 16. Bxe4 Qxe4 17. Rc3 Rb8 {
1/2-1/2 Vokac,M-Plachetka,J/Frenstat CZE ch(15) 1982}) (9... d5 $6 {Alterman,B}
10. cxd5 Qxd5 11. Bxf6 gxf6 12. Nxc6 Qxc6 13. a3 Bxc3+ 14. Rxc3 Qb6 15. Qc2 Be6
16. Be2 $14) 10. Qxd4 c5 11. Qd1 (11. Qd3 g5 12. Bg3 d5) (11. Bxf6 $4 cxd4 12.
Bxd8 dxc3 13. bxc3 Ba3 $19) 11... g5 12. Bg3 d5 13. cxd5 Qxd5 $10 14. Qxd5 (14.
Qa4 Rd8 $1 (14... Bxc3+ 15. Rxc3 Bd7)) 14... Nxd5 15. Bb5 Rd8 16. h4 (16. Ke2
$10) 16... Bg4 $1 (16... Nxc3 17. bxc3 Ba3 18. Rd1 $10) (16... g4 17. Ke2) 17.
f3 (17. hxg5 Nxc3 18. bxc3 Bxc3+ 19. Kf1 Bb2) (17. Be2 Be6 $1 (17... Bxe2 18.
Kxe2 $14 (18. Kxe2 {Alterman,B} Bxc3 19. bxc3 $10)) 18. hxg5 hxg5 $132) 17...
Bd7 18. Bxd7 $6 {Too optimistic} (18. Bd3 $5 g4 (18... Nxe3 19. hxg5 hxg5 20.
Be5 $36) 19. e4 Nb6 $13) 18... Rxd7 19. hxg5 Bxc3+ (19... Nxe3 20. Bf2 Nd1 $5 {
proposed in post-mortem by 9 year old T.Radzhabov} 21. Rxd1 (21. Bxc5 Re8+ 22.
Kf1 Nxc3 23. Bxb4 Ne2 $19) 21... Bxc3+ 22. bxc3 Re8+ 23. Be3 Rxe3+ 24. Kf2 Rxd1
25. Rxd1 Rxc3 26. Rd8+ (26. gxh6 Rc2+ 27. Kg3 Rxa2 $17) 26... Kg7 (26... Kh7
27. Rd7 hxg5 28. Rxf7+ Kg6 29. Rxb7 Rc2+ 30. Kg3 Rxa2 31. Rc7 $10) 27. gxh6+
Kxh6 28. Rd7 Rc2+ 29. Kg3 Rxa2 30. Rxb7 $10) (19... hxg5 {Alterman,B} 20. e4
Bxc3+ 21. bxc3 $16) 20. bxc3 Nxe3 (20... hxg5 {Alterman,B} 21. e4) 21. Bf2 (21.
gxh6 {Alterman,B} Re8 22. h7+ Kh8 23. Bf2 $15) 21... Nxg2+ (21... Re8 22. Bxe3
(22. gxh6 {Alterman,B} Nxg2+ 23. Kf1 Ne3+ 24. Bxe3 Rxe3 25. Re1 $10) 22...
Rxe3+ 23. Kf2 Re5 (23... Re6 24. Rxh6 $10) 24. gxh6 Rd2+ 25. Kg3 Rg5+ 26. Kf4
$10) 22. Kf1 Nf4 23. Rxh6 (23. gxh6 $142 {Alterman,B} Kh7 $10) 23... Rd3 (23...
Re8 $5 24. Rh4 (24. Rf6 Nd5 25. Rh6 Ne3+) 24... Ng6 25. Ra4 b6 26. Re1 $10) (
23... Rad8 24. Be3) 24. Bxc5 Rxf3+ 25. Kg1 Re8 (25... Ne6 26. Be7 Nxg5 27. Kg2
Rf5 28. Bf6 Nh7 29. Bd4 $44) (25... Rg3+ 26. Kf2 Rxg5 27. Bd4 Ng6 28. Rch1 Kf8
$44 (28... Kf8 {Alterman,B} 29. a4 $44)) 26. Bxa7 Nh3+ 27. Kh1 Nxg5 28. Rb1 (
28. Bd4 $142 Rh3+ 29. Rxh3 Nxh3 30. Rf1 (30. Kg2 $10 {Alterman,B}) 30... Re4
31. Kg2 (31. Rb1 Re7 32. Bf6 Re2 $10) 31... Ng5 $10) 28... Kg7 (28... Rxc3 $2 {
Alterman,B: is no good because of} 29. Rg1 $18) 29. Rh2 Kg6 30. Bd4 (30. Rxb7
$2 {Alterman,B: doesn't work because of} Re1+ 31. Bg1 Rg3 (31... Rxc3 32. a4
$10) 32. Rg2 Rh3+ (32... Rxc3 33. Rb6+ f6 34. Rf2 $10) 33. Rh2 Rxh2+ 34. Kxh2
Nf3+ 35. Kg2 Nxg1 $19) 30... f6 31. a4 1/2-1/2

[Event "Rubinstein Memorial 34th"]
[Site "Polanica Zdroj"]
[Date "1997.??.??"]
[Round "8"]
[White "Krasenkow, Michal"]
[Black "Gelfand, Boris"]
[Result "1/2-1/2"]
[WhiteElo "2645"]
[BlackElo "2695"]
[Annotator "Gelfand,B"]
[PlyCount "70"]
[EventDate "1997.08.19"]
[EventType "tourn"]
[EventRounds "11"]
[EventCountry "POL"]
[EventCategory "16"]
[SourceTitle "CBM 061"]
[Source "ChessBase"]
[SourceDate "1997.11.23"]
[SourceVersion "1"]
[SourceVersionDate "1997.11.23"]
[SourceQuality "1"]

1. c4 {Krasenkow} e5 2. Nc3 Nf6 3. Nf3 Nc6 4. d4 exd4 5. Nxd4 Bb4 6. g3 Ne5 7.
Qb3 Bc5 8. Be3 d6 9. Na4 $146 (9. h3 O-O 10. Bg2 Qe7 11. O-O c6 12. Rfd1 h6 13.
Na4 Bxd4 14. Bxd4 Be6 15. Bxe5 dxe5 $11 {1/2-1/2 Cifuentes Parada,
R-Brenninkmeijer,J/Dieren op (07) ;EXT 89op 1989 (48)}) (9. Bg2 O-O 10. Nc2 Be6
11. Bxc5 dxc5 12. Rd1 Qe7 13. Nd5 Bxd5 14. cxd5 c4 15. Qc3 Nd3+ 16. Kf1 Rae8
17. Nd4 Ne5 18. h3 Qc5 19. Nf5 Ned7 {0-1 Kwatschewsky,L-Grund,H/
Balatonbereny-B (07) ;EXP 48 1995 (34)}) 9... O-O (9... Bxd4 10. Bxd4 O-O) (
9... Nfg4 10. Nxc5 dxc5 11. Qb5+ Nd7 12. Nc2 $13) 10. Nxc5 dxc5 11. Nf3 {
'?!' Krasenkow.} (11. Nc2 Be6 (11... Qe7 {Krasenkow} 12. Bg2) 12. Na3 Nxc4 13.
Nxc4 Qd5 14. f3 Qxc4 $11) 11... Nxf3+ 12. exf3 b6 13. Bg2 Bb7 14. O-O Qd6 {
'!' Krasenkow.} 15. Rad1 Qc6 $11 16. Qd3 (16. Bf4 $5 {xe5}) 16... Rfe8 17. Rfe1
h6 18. h3 $6 (18. Bf4 $5) 18... Nh7 {'!' Krasenkow. Krasenkow: '/\Ng5,/\Nf8-e6
(g6)'} 19. b3 Nf8 (19... Ng5 20. Bxg5 hxg5 21. Qf5 $13) 20. Kh2 Ng6 (20... Ne6
$5 {/\Rad8}) 21. Qc3 Rad8 (21... Ne5 22. Bxh6 Qf6 (22... Qxf3 23. Bxf3 Nxf3+
24. Kg2 Nxe1+ 25. Kf1 $18) 23. Bd2 (23. Rxe5 Qxe5 24. Qxe5 Rxe5 25. f4 Re2 26.
Bxb7 Rb8 $19) (23. Re3 {Krasenkow} gxh6 24. Rde1 Ng4+ (24... Nxf3+ 25. Rxf3 $14
) 25. fxg4 Qxc3 26. Rxc3 Rxe1 27. Bxb7 Rae8 28. Bd5 $11) 23... Nxf3+ 24. Bxf3
Qxf3 $11) 22. Rxd8 $6 (22. Bc1 Rxd1 23. Rxd1 f6 $5 $13 (23... Ne5 24. Re1 (24.
Rd5 $140 $2 Qf6) 24... f6 $13 (24... Qf6 25. Bf4 $1 (25. Bb2 Nxf3+ 26. Bxf3 (
26. Qxf3 Rxe1) 26... Rxe1 27. Qxf6 gxf6 28. Bxb7 Re2 $17) 25... Nxf3+ 26. Qxf3
(26. Bxf3 Rxe1 27. Qxf6 gxf6 28. Bxb7 Re2 $13) 26... Bxf3 27. Rxe8+ Kh7 28.
Bxf3 $18))) 22... Rxd8 23. Bc1 (23. Bh1 Qd7) 23... f6 24. Bh1 (24. Bb2 Ne5 (
24... Qd6 $5 {/\Nh4}) 25. Re3 Qd7 26. Qc2 Qd2 27. Qxd2 Rxd2 28. Bxe5 fxe5 29.
Rxe5 Kf8 $5 $15 (29... Rxf2 30. Kg1 Rxa2 31. Re7 $11)) (24. Qc2 {Krasenkow} Ne5
25. Re3 Rd4 26. Bb2 Qd7 27. Bxd4 cxd4 $44) 24... Qd6 (24... Ne5 25. f4 Nf3+ {
'=' Krasenkow.} 26. Bxf3 Qxf3 27. Qxf3 Bxf3 28. f5 $11) (24... Qd7 $2 25. Bxh6
$1 gxh6 26. Qxf6 Kh7 27. Re6 Rg8 28. f4 {'!' Krasenkow.} Bxh1 29. f5 $18 {
Krasenkow: 'Gelfand'}) 25. f4 Bxh1 26. Kxh1 Ne7 27. Qf3 Qc6 28. Kg2 Kf8 $6 (
28... Qxf3+ 29. Kxf3 Nc6 $5 $15 (29... Nf5 30. g4 Nd4+ 31. Kg2) (29... Kf7 {
Krasenkow} 30. g4 $1)) 29. Qxc6 Nxc6 30. f5 Nb4 31. Re2 Re8 32. Rd2 $6 (32. Be3
$1 $11) (32. Be3 $11 {Krasenkow} Re7 33. Kf3 Ke8 34. Kg4 $132) 32... Re1 33.
Ba3 Nc6 (33... Kf7 34. Bxb4 cxb4 35. Kf3) 34. Rd7 (34. Bb2 a5) 34... Re7 35.
Rxe7 $2 $138 {'-+??' Krasenkow.} (35. Rd2 a5 $15) (35. Rd2 $8 {Krasenkow})
35... Kxe7 $2 $138 {'(+)' Krasenkow.} (35... Kxe7 36. Kf3 (36. Bb2 Nb4 37. a3
Nc6 {Krasenkow: '/\Na5'} 38. Bc3 Nd4 $19 (38... Nd4 39. Bxd4 cxd4 40. Kf3 Kd6
41. Ke4 c5 {/\Kc6,b5-+} 42. b4 a6 {/\b5-+})) 36... Nb4 {'!' Krasenkow.} 37.
Bxb4 cxb4 {Krasenkow: '/\Kd6-c5,a6,b5-+'} 38. Ke4 {'!' Krasenkow.} (38. Kg4 $1
a6 39. f4 c5 40. Kf3 b5 41. Ke4 bxc4 $2 42. bxc4 a5 43. Kd3 a4 44. a3 $1 $11)
38... Kd6 39. Kd4 (39. f4 Kc5 (39... c5 40. Kd3 a6 41. Kc2 b5 42. Kb2 Kc6 43.
a4 (43. a3 bxa3+ 44. Kxa3 Kb6 45. g4 Ka5 46. h4 Kb6 47. h5 Ka5 48. g5 Kb6 49.
Kb2 a5 50. g6 $11) 43... Kb6) 40. g4 a6 41. h4 b5 42. cxb5 axb5 43. g5 Kd6 44.
Kd4 c5+ 45. Ke4 Kc6 46. h5 Kd6 47. Ke3 Kd5 48. Kd3 c4+ 49. Ke3 c3 50. g6 c2 51.
Kd2 Ke4 52. Kxc2 Kxf4 53. Kd3 Kxf5 $19) 39... c5+ 40. Ke4 a6 41. f4 b5 42. Kd3
h5 (42... Kc6 43. Kc2 a5 44. Kb2 a4 45. a3 (45. Kc2 {Krasenkow} bxc4 46. bxc4
a3 47. Kc1 Kb6 48. Kc2 Ka6 $1 49. Kd3 Ka5 50. Kd2 Ka4 51. Kc2 b3+ 52. axb3+ Kb4
$19) 45... bxa3+ 46. Kxa3 axb3 47. Kxb3 h5 $19) 43. g4 hxg4 44. hxg4 Kc6 45.
Kc2 a5 46. Kd3 Kb6 47. g5 a4 48. Kc2 (48. g6 axb3 49. axb3 bxc4+ 50. Kxc4 Kc6
$19) 48... bxc4 49. bxc4 a3 $1 50. Kb3 Ka5 51. g6 Kb6 52. Kc2 Ka6 $22 $19)
1/2-1/2

[Event "ISR-chT"]
[Site "Israel"]
[Date "2003.03.08"]
[Round "5"]
[White "Golod, Vitali"]
[Black "Haimovich, Tal"]
[Result "1/2-1/2"]
[WhiteElo "2532"]
[BlackElo "2316"]
[Annotator "Golod,V"]
[PlyCount "91"]
[EventDate "2003.01.??"]
[EventType "team"]
[EventRounds "11"]
[EventCountry "ISR"]
[SourceTitle "CBM 095"]
[Source "ChessBase"]
[SourceDate "2003.07.25"]
[SourceVersion "1"]
[SourceVersionDate "2003.07.25"]
[SourceQuality "1"]

1. c4 Nf6 2. Nc3 e5 3. Nf3 Nc6 4. a3 Be7 $6 {The most basic continuations is:
4...d5; 4...g6 and 4...e4!?} 5. e3 O-O 6. Qc2 {I am not in a hurry with castle.
This move is directed against progress "d5", which now considerably loses in
force.} Re8 7. b4 Bf8 8. b5 $6 $146 {I did not want to give to the my
contender to play on the following move: "d6" and then knight can escape on
"e7". And nevertheless it was not necessary to hasten with this move!} ({
It deserves attention:} 8. Bd3 $5 d6 9. h3 {and so on}) ({It was checked in
the previous games:} 8. Bb2 $5 d6 9. Bd3 (9. d3 $5 g6 10. Be2 Bg7 11. O-O Ng4
12. h3 Nh6 13. b5 Nb8 14. d4 $14 {Lerner,K-Naumkin,I/St.Petersburg,1992(1/2-1/
2)(24)}) 9... g6 10. Rc1 $6 (10. O-O $5) (10. h3 $5) 10... a5 {You can see
comments to Van Wely,L-Sokolov,I/Groningen,1996/CBM 57(1-0)(Ribli,Z)(41)}) 8...
Nb8 9. Bb2 c6 $1 {[%cal Gd7d5] Black had no other worthy alternative.} 10. Be2
({Pretty dubiously:} 10. Rc1 {in view of:} d5 11. bxc6 $140 d4 $1 (11... bxc6
$143 12. cxd5 e4 (12... cxd5 $143 13. Nb5 $36) 13. Nd4 cxd5 14. Ncb5 $14) 12.
cxb7 Bxb7 $36) (10. bxc6 $143 dxc6 $1 (10... bxc6 11. Be2 d5 $140 $6 12. cxd5
cxd5 13. Nb5 e4 14. Nfd4 $14) 11. d3 Na6 $11) 10... e4 11. Nd4 d5 ({I have
prepared a "small trap":} 11... c5 $2 12. Nf5 d5 13. Ng3 $16 {[%csl Rd5,Re4]})
12. bxc6 Nxc6 {This move is much better,than:} (12... bxc6 $6 13. cxd5 cxd5 14.
Ncb5 {[%cal Gb5c7]} Na6 (14... Re7 $2 15. Rc1 $18 {[%csl Ra8,Rc8][%cal Gb5c7]})
15. Nc6 {[%csl Rf6][%cal Gb2f6]} Qd7 16. Bxf6 gxf6 17. d4 $14) 13. Nxd5 Nxd5
14. cxd5 ({Leads to equality:} 14. Nxc6 Nxe3 15. dxe3 bxc6) 14... Nxd4 15. Bxd4
Qxd5 ({I correctly was afraid:} 15... Qg5 $1 {[%csl Rd5,Rg2]} 16. g4 (16. g3
Qxd5 17. O-O $11) 16... Qxd5 (16... Bxg4 $4 17. Rg1 {[%csl Rg4][%cal Gh2h3]})
17. h4 $13) 16. O-O Be6 17. f3 $5 {[%csl Ye2] I want immediately to begin
pressure on the centre and open /^ a8-h1 for my bishop.} ({Is a possible
continuation of the play:} 17. a4 $5 Rac8 18. Qb2 {and White can hope only for
the minimal advantage.}) 17... exf3 ({Leads to favourable complications for me:
} 17... Bf5 $6 18. Bc4 exf3 (18... Qd7 $143 19. fxe4 Rxe4 (19... Bxe4 $2 20.
Rxf7 $18) 20. Rxf5 Qxf5 21. Rf1 Qg4 22. Qb3 $36 {[%csl Rb7,Rf7]}) 19. Bxd5 Bxc2
20. Rxf3 {[%csl Rb7,Rf7]} Re7 21. Raf1 Bg6 $14) 18. Bxf3 Qd7 19. Qe4 {[%csl
Rb7] I expected for this move,when I made 17.f3.} b6 $1 {It is rather
difficult to continue a game without this move:} ({It was weakly:} 19... Re7
20. Rfb1 {[%csl Ra7,Rb7]}) ({and} 19... b5 20. Qc6 $1 {[%csl Ra8,Rb5]} Rab8 21.
Qxd7 Bxd7 22. Bxa7 $16) 20. Qxa8 Rxa8 21. Bxa8 Bc5 $1 {Black have calculated
precisely all consequences of this move.} (21... Bd6 $143 {[%cal Gd7d8,Gd8h4]}
22. Bf3 {+/=/=} (22. Rfc1 $6 Qd8 23. Bf3 Qh4 24. h3 Qg3 $13 {[%csl Rg1]})) 22.
Bxc5 ({Absolutely unjustified sacrifice of the pawn:} 22. Bc3 Qc8 $1 {[%csl
Rc3][%cal Gc8a8,Gc5e3]} (22... Bxe3+ $143 23. dxe3 Qc8 {[%csl Ra8,Rc3]} 24.
Bxg7 Kxg7 $11) 23. Bf3 Bxe3+ $15 {[%csl Rc3]}) 22... bxc5 $11 23. Rfb1 {
[%csl Rg8]} (23. Rf2 $5 Qd3 $140 24. a4 {[%cal Ya8c6,Yc6b5] (an interesting
idea which was mentioned by Michael Roiz,after the game).} (24. g3 c4 25. Bg2 {
[%cal Gg1f1]} c3 26. Bf1 Qe4 $11) 24... c4 25. Bc6 Qc2 $13) 23... g6 24. Rb2
Qd3 25. Bf3 c4 {[%csl Re3][%cal Gc4c3]} 26. Rc1 {In my opinion,this
continuation is much better,than:} (26. Kf2 c3 27. dxc3 Qxc3 {[%csl Ra1,Ra3,
Rb2,Rf2]}) 26... Qxa3 27. Rbc2 ({Pretty dubiously:} 27. Rb8+ Kg7 $140 28. Rc3 {
because of:} Qa2 $1 (28... Qd6 $6 29. Rb2 {[%cal Gf3e2]}) 29. Rd8 a5 {[%csl
Ga5][%cal Ga5a4,Ga4a3]}) 27... Qd3 28. Rb2 Qa3 29. Rbc2 Qd3 $11 30. Kf2 {
In interests of my team I have decided to continue a struggle.} (30. Rb2 $11)
30... Kg7 31. Be2 Qd6 32. Kg1 Bf5 ({It was a little better:} 32... a5) 33. Ra2
Bd3 34. Bxd3 {For me it is certainly favourable to exchange these bishops.}
Qxd3 35. Rac2 Qe2 36. h3 a5 37. Ra2 h5 $1 38. Kh2 $140 h4 {[%csl Ge2,Rh2] Now
White's king can not disappear from Black's queen.} 39. Rac2 a4 40. Ra2 c3 $5 {
[%csl Ra2] Now drawn game is inevitable.} (40... g5 $5 {[%csl Yg5][%cal Yg5h4]}
) 41. Rxc3 Qe1 {[%csl Rh2][%cal Ge1g3]} 42. e4 (42. Rxa4 Qg3+ 43. Kg1 Qe1+ $11)
42... Qxe4 43. Rc1 Qd4 44. Kh1 Kh6 45. Rca1 Kh5 46. Rxa4 {We have won this
match against the leader 3,5:2.5 (+1=5-0) and have advanced on the first place.
} 1/2-1/2